00624nam a22001932 4500001001100000005001700011008004100028020001700069040001500086100003600101245010000137250001300237260003200250300001800282600004800300650004300348700003600391852000300427000001889420151217155900.0100812s xx 000 0 eng d a9966365117 : aKABUcKABU1 aWaihenya, Waithaka.@000014872912aA Voice unstilled :bArchbishop Ndingi Mwana 'a Nzeki /cWaithaka Waihenya, Ndikaru wa Teresia. a1st ed. aNairobi :bLonghorn,c2009. aviii, 224 p.10aNdingi Mwana 'a Nzeki, Raphael.@0000178351 0aBishopsxBiographyzKenya.@00001783521 aNdikatu wa Teresia.@00001783531